City names containing "ant" - Statistics

General Stats
  • This quiz has been taken 12 times
  • The average score is 13 of 32
Answer Stats
Clue City % Correct
Olympic venue in the US state of Georgia Atlanta
100%
The capital of Chile Santiago
100%
Olympic venue and one of Europe's largest ports, located in Belgium Antwerp
83%
The capital of Madagascar Antananarivo
75%
Cuban city famous for its adjacent American military base Guantánamo
75%
Large Texan city San Antonio
67%
French city on the Loire Nantes
58%
Turkish seaside resort Antalya
50%
Philippine town with the same name as the author of Don Quixote Cervantes
50%
Miami suburb whose name means a place where slaves worked Plantation
50%
Town in Kyrgyzstan with the same name as a German philosopher Kant
42%
City whose name means "Ancient Guatemala" Antigua Guatemala
33%
Once a major city of early Christianity (in Turkey), now a place name in the USA Antioch
33%
Philippines city which appears to be against a sport using horses and mallets Antipolo
33%
Place in Ohio, and the old anglicised name of Guangzhou Canton
33%
Black Sea port in Romania Constanța
33%
Spanish port well known for its bank of the same name Santander
33%
Naval port in S. Italy; its adjective is also the name of a famous modern filmmaker Taranto
33%
Chateau town north of Paris, whose name is used for a type of cream Chantilly
25%
Algerian city named after an important Roman emperor Constantine
25%
West Virginian city, and a name in a Joni Mitchell song title from Ladies of the Canyon Morgantown
25%
Common town name, found in South Carolina and elsewhere, suggesting a nice hill Mount Pleasant
25%
Common place name from Tenerife, Bolivia and elsewhere Santa Cruz
25%
Michigan town with a similar name to the Greek letter equivalent to U Ypsilanti
25%
Resort on the Cote d'Azur in France Antibes
17%
The birthplace of Adolphe Sax, on the banks of the Meuse in Belgium Dinant
17%
Old city in southern Turkey, at the epicentre of the 2023 earthquake Gaziantep
17%
Maryland locale which indicates a Teutonic influence Germantown
17%
Major city on the south coast of China Shantou
17%
I'm not writing any detailed clues for this beast of a name. If you haven't heard of this large city in Kerala, southern India, don't bother guessing... Thiruvananthapuram
17%
Large suburb of Helsinki Vantaa
17%
City in N.E. Greece, noted for its Byzantine churches Xanthi
8%
No matching quizzes found
Score Distribution
Percent of People with Each Score
Percentile by Number Answered
Your Score History
You have not taken this quiz